Metro Madrid Línea 1 - Estadísticas

Estadísticas generales
  • Esta prueba ha sido intentada 189 veces
  • La puntuación promedio es 23 de 33
Estadísticas de respuestas
Respuesta % Correcto
Sol
94%
Pinar de Chamartín
93%
Chamartín
90%
Gran Vía
81%
Tribunal
80%
Bambú
79%
Bilbao
78%
Estación del Arte
78%
Valdecarros
78%
Cuatro Caminos
77%
Iglesia
77%
Estrecho
74%
Ríos Rosas
74%
Alvarado
73%
Tetuán
73%
Valdeacederas
73%
Plaza de Castilla
72%
Puente de Vallecas
72%
Tirso de Molina
69%
Antón Martín
68%
La Gavia
67%
Menéndez Pelayo
64%
Pacífico
60%
Las Suertes
58%
Villa de Vallecas
58%
Portazgo
57%
Miguel Hernández
56%
Nueva Numancia
54%
Atocha Renfe
53%
Buenos Aires
53%
Sierra de Guadalupe
51%
Congosto
48%
Alto del Arenal
46%
No se encontraron pruebas coincidentes
Distribución de puntuación
Porcentaje de gente con cada puntuación
Porcentaje por número respondido
Historial de tus puntuaciones
No has intentado esta prueba.